| 000 | 00492nam a2200169Ia 4500 | ||
|---|---|---|---|
| 008 | 240428s9999||||xx |||||||||||||| ||und|| | ||
| 020 | _a0792325753 | ||
| 041 | _aeng | ||
| 082 | _a321.8H | ||
| 100 | _aBUDGE, Ian - WOLDENDORP, Jaap - KEMAN, Hans | ||
| 245 | 0 | _aHandbook of Democratic Government: Party Government in 20 Democracies (1945-1990) | |
| 260 |
_bKluwer Aademic Publihers _aDordrecht _c1993 |
||
| 300 | _a119 | ||
| 650 | _aDemocratic Governce, Handbook | ||
| 942 | _cBK | ||
| 999 |
_c10 _d10 |
||